000 00494nam a2200169Ia 4500
008 090201s9999 xx 000 0 und d
010 _aKPL-26956
040 _bमराठी
041 _aमराठी
082 _a23707
_b26956
100 _aग रा फाटक
245 _aसोन्याचा घाव
_cग रा फाटक
260 _c2004
_bअ.ज.फाटक
300 _a164
_bमोठा
600 _aसोन्याचा घाव
942 _cBOOK
999 _c223172
_d223172